Welcome to CU Library Online Public Access Catalogue (OPAC)

DANIEL DERONDA (Record no. 7577)

MARC details
000 -LEADER
fixed length control field 00333nam a22001337a 4500
005 - DATE AND TIME OF LATEST TRANSACTION
control field 20250917132619.0
008 - FIXED-LENGTH DATA ELEMENTS--GENERAL INFORMATION
fixed length control field 250917b |||||||| |||| 00| 0 eng d
050 ## - LIBRARY OF CONGRESS CALL NUMBER
Classification number PA3000
Item number ELI
100 ## - MAIN ENTRY--PERSONAL NAME
Personal name ELIOT GEORGE
245 ## - TITLE STATEMENT
Title DANIEL DERONDA
260 ## - PUBLICATION, DISTRIBUTION, ETC.
Place of publication, distribution, etc. LONDON
Name of publisher, distributor, etc. EVERYMAN PUBLISHERS PLC.
Date of publication, distribution, etc. c1999
300 ## - PHYSICAL DESCRIPTION
Extent xxvii,899p
942 ## - ADDED ENTRY ELEMENTS (KOHA)
Source of classification or shelving scheme Library of Congress Classification
Koha item type Books
Suppress in OPAC No
999 ## -
-- 7577
-- 7577
Holdings
Withdrawn status Lost status Source of classification or shelving scheme Damaged status Not for loan Collection Home library Current library Shelving location Date acquired Total checkouts Full call number Barcode Date last seen Copy number Price effective from Koha item type
    Library of Congress Classification     Non-fiction Undergraduate Library (Christ Temple) Undergraduate Library (Christ Temple) General stacks 09/17/2025   PA3000 ELI ulct00004829 09/17/2025 1 09/17/2025 Books
© 2023-2024 Copyright: Central University Libraries. All Rights Reserved | Created by: Mahone Tech Office